Every municipality in the province of Alicante - Statistics

General Stats
  • This quiz has been taken 53 times
  • The average score is 42 of 141
Answer Stats
Answer % Correct
Alacant
93%
Elche
86%
Benidorm
76%
Orihuela
74%
Sant Vicent del Raspeig
74%
Sant Joan d'Alacant
71%
Alcoi
67%
Altea
67%
Dénia
67%
Torrevieja
67%
El Campello
64%
Elda
64%
Jávea
64%
Villena
60%
Calp
57%
Santa Pola
57%
La Vila Joiosa
55%
Petrer
55%
Ibi
52%
Sax
52%
Agost
50%
Novelda
50%
Mutxamel
48%
Almoradí
45%
Aspe
43%
Cox
43%
Crevillent
43%
Guardamar del Segura
43%
Pinoso
43%
Albatera
40%
Castalla
40%
Tibi
40%
Callosa d'en Sarrià
38%
Jijona
38%
L'Alfàs del Pi
38%
Monforte del Cid
38%
Bigastro
36%
Catral
36%
Dolores
36%
Monòver
36%
Muro d'Alcoi
36%
Benejúzar
33%
Busot
33%
El Poble Nou de Benitatxell
33%
Hondón de las Nieves
33%
La Nucia
33%
Sella
33%
Benijófar
31%
Benissa
31%
Biar
31%
Castell de Castells
31%
Cocentaina
31%
El Castell de Guadalest
31%
Finestrat
31%
Hondón de los Frailes
31%
Onil
31%
Polop
31%
Teulada
31%
Daya Nueva
29%
Daya Vieja
29%
Gata de Gorgos
29%
La Romana
29%
La Torre de les Maçanes
29%
Ondara
29%
Pego
29%
Pilar de la Horadada
29%
Redován
29%
Relleu
29%
Algorfa
26%
Banyeres de Mariola
26%
Benferri
26%
Beniarrés
26%
Benilloba
26%
El Verger
26%
Jalón
26%
Rojales
26%
San Miguel de Salinas
26%
Aigües
24%
Beneixama
24%
Jacarilla
24%
Los Montesinos
24%
Pedreguer
24%
Rafal
24%
San Isidro
24%
Agres
21%
Callosa de Segura
21%
Granja de Rocamora
21%
Salinas
21%
San Fulgencio
21%
Alfafara
19%
La Canyada
19%
L'Alguenya
19%
Penàguila
19%
Alcoleja
17%
Benifallim
17%
Benimantell
17%
Benimarfull
17%
El Camp de Mirra
17%
Orxeta
17%
Planes
17%
Alcalalí
14%
Bolulla
14%
Confrides
14%
Els Poblets
14%
Fageca
14%
Formentera del Segura
14%
Gaianes
14%
L'Atzúbia
14%
L'Orxa
14%
Orba
14%
Tàrbena
14%
Alcocer de Planes
12%
Balones
12%
Benasau
12%
Benidoleig
12%
Benigembla
12%
Benillup
12%
Famorca
12%
La Vall d'Ebo
12%
Llíber
12%
Millena
12%
Quatretondeta
12%
Senija
12%
Almudaina
10%
Beniarbeig
10%
Benifato
10%
Benimassot
10%
Benimeli
10%
El Ràfol d'Almúnia
10%
Gorga
10%
L'Alqueria d'Asnar
10%
La Vall de Laguar
10%
Parcent
10%
Sagra
10%
Tollos
10%
Beniardà
7%
La Vall d'Alcalà
7%
La Vall de Gallinera
7%
Murla
7%
Sanet i els Negrals
7%
Tormos
7%
No matching quizzes found
Score Distribution
Percent of People with Each Score
Percentile by Number Answered
Your Score History
You have not taken this quiz